| 000 | 00614nam a2200181 a 4500 | ||
|---|---|---|---|
| 005 | 20140412111421.0 | ||
| 008 | 080105s19uu xx 00 eng d | ||
| 020 | _a0-590-55849-8 | ||
| 050 |
_aTR(PS E _bIt6 1994 |
||
| 100 | _aHall, Zoe,1957 | ||
| 245 |
_aIt's pumpkin time! : _bQuestions and answers about Tornadoes and Hurricanes. |
||
| 260 |
_aNew York : _bBlue Sky Press, _cc1994. |
||
| 300 | _aunpaged | ||
| 500 | _aIncludes index | ||
| 520 | _aA Sister and brother plant and tend their own pumpkin patch so they will have jack-o-lanterns for halloween. | ||
| 650 |
_aPumpkin _xfiction |
||
| 999 |
_c106021 _d106021 |
||